Loading...
| Science - Chemistry | 0 | 3 | 2 | 0 | 20 | 56 | 83.33 | 2 | 3 | 8.95 | 22.73 |
| History - American | 0 | 2 | 0 | 0 | 20 | 75 | 88.50 | 1 | 2 | 5.94 | 13.64 |
| Science - Biology | 1 | 1 | 1 | 1 | 20 | 55 | 83.50 | 1 | 2 | 5.20 | 13.64 |
| Literature - British | 1 | 0 | 0 | 0 | 15 | 62 | 62.00 | 1 | 1 | 5.18 | 9.09 |
| Science - Physics | 0 | 2 | 1 | 1 | 15 | 105 | 122.50 | 0 | 1 | 1.64 | 6.82 |
| Social Science | 0 | 2 | 1 | 1 | 15 | 74 | 96.00 | 1 | 2 | 2.41 | 10.29 |
| Geography | 0 | 1 | 0 | 0 | 10 | 89 | 89.00 | 0 | 1 | 6.91 | 18.75 |
| Fine Arts - Other Arts | 0 | 1 | 0 | 0 | 10 | 136 | 136.00 | 1 | 1 | 1.94 | 9.09 |
| Current Events | 0 | 1 | 0 | 1 | 10 | 138 | 138.00 | 1 | 1 | 0.36 | 25.00 |
| History - European | 0 | 1 | 0 | 0 | 10 | 53 | 53.00 | 1 | 1 | 5.11 | 9.09 |
| Beliefs | 0 | 1 | 1 | 1 | 5 | 137 | 137.00 | 0 | 1 | 0.18 | 4.69 |
| Science - Other | 0 | 1 | 2 | 0 | 0 | 92 | 92.00 | 0 | 1 | 2.61 | 6.82 |
| Philosophy | 0 | 0 | 1 | 0 | -5 | 0.00 | 0 | 0 | 0.00 | 0.00 | |
| Literature - European | 0 | 0 | 1 | 0 | -5 | 0.00 | 0 | 0 | 0.00 | 0.00 |